[Event "FIDE GP Beijing"]
[Site "Beijing CHN"]
[Date "2013.07.05"]
[Round "2.4"]
[White "Topalov, Veselin"]
[Black "Leko, Peter"]
[Result "1/2-1/2"]
[WhiteElo "2767"]
[BlackElo "2737"]
[PlyCount "70"]
[EventDate "2013.07.04"]

1. d4 Nf6 2. c4 e6 3. Nf3 b6 4. g3 Ba6 5. b3 Bb4+ 6. Bd2 Be7 7. Nc3 c6 8. e4 d5
9. Bd3 dxe4 10. Nxe4 Bb7 11. Qe2 Nbd7 12. Nxf6+ Nxf6 13. O-O c5 14. d5 exd5 15.
Rfe1 dxc4 16. Bxc4 O-O 17. Rad1 Qd7 18. Ng5 Nd5 19. Qd3 Bxg5 20. Bxg5 f6 21.
Bxf6 Rxf6 22. Bxd5+ Qxd5 23. Qxd5+ Bxd5 24. Rxd5 Kf8 25. Kf1 Re8 26. Red1 g6
27. h4 h5 28. Rd7 Re7 29. Rd8+ Kf7 30. Rc8 Rfe6 31. Rd3 Re8 32. Rc7+ R8e7 33.
Rc8 Re8 34. Rc7+ R8e7 35. Rc8 Re8 1/2-1/2

[Event "FIDE GP Beijing"]
[Site "Beijing CHN"]
[Date "2013.07.06"]
[Round "3.4"]
[White "Kamsky, Gata"]
[Black "Topalov, Veselin"]
[Result "1/2-1/2"]
[WhiteElo "2763"]
[BlackElo "2767"]
[PlyCount "150"]
[EventDate "2013.07.04"]

1. d4 Nf6 2. Nf3 d5 3. c4 e6 4. Nc3 Be7 5. g3 O-O 6. Bg2 dxc4 7. O-O Nc6 8. Bg5
a6 9. e3 Rb8 10. Nd2 e5 11. Bxf6 Bxf6 12. d5 Na5 13. b4 cxb3 14. axb3 b6 15. b4
Nb7 16. Rxa6 Be7 17. Qb1 Nd6 18. Ra7 Bd7 19. Nf3 f6 20. Qb3 Kh8 21. Rfa1 Rc8
22. h4 Qe8 23. Rc1 Qh5 24. Nb1 Nb5 25. Ra6 Bd6 26. Nbd2 Ra8 27. Raa1 Rxa1 28.
Rxa1 Qf7 29. Nc4 Be7 30. Nfd2 Rd8 31. Ne4 Qf8 32. d6 Nxd6 33. Nexd6 Bxd6 34.
Nxd6 cxd6 35. Ra7 f5 36. Bd5 f4 37. exf4 exf4 38. Qf3 Qf5 39. Be4 Qf6 40. Qxf4
Qxf4 41. gxf4 g6 42. Bd5 Bf5 43. Rb7 Re8 44. Rxb6 Re1+ 45. Kg2 Be4+ 46. Bxe4
Rxe4 47. Kf3 d5 48. Rb7 h5 49. b5 Rb4 50. Ke3 Kg8 51. b6 Kf8 52. Kd3 d4 53. Ke4
Ke8 54. Kd3 Kf8 55. Rb8+ Kg7 56. b7 Kh7 57. Ke4 Kg7 58. f3 Kh7 59. Kd5 d3 60.
Kc6 d2 61. Rd8 Rc4+ 62. Kb6 Rb4+ 63. Ka6 Ra4+ 64. Kb5 Ra2 65. Rd7+ Kh6 66. Rd4
Rb2+ 67. Kc6 Rc2+ 68. Kd6 Rb2 69. f5 Rxb7 70. Rxd2 g5 71. Kc6 Rf7 72. Rd6+ Kh7
73. hxg5 Rxf5 74. Rh6+ Kg7 75. Rxh5 Rxf3 1/2-1/2

[Event "FIDE GP Beijing"]
[Site "Beijing CHN"]
[Date "2013.07.07"]
[Round "4.5"]
[White "Giri, Anish"]
[Black "Leko, Peter"]
[Result "1/2-1/2"]
[WhiteElo "2734"]
[BlackElo "2737"]
[PlyCount "50"]
[EventDate "2013.07.04"]

1. d4 Nf6 2. c4 e6 3. Nc3 Bb4 4. e3 O-O 5. Nge2 d5 6. a3 Be7 7. cxd5 exd5 8. b4
c6 9. Ng3 Re8 10. Bd3 Nbd7 11. O-O Nb6 12. Qc2 a5 13. b5 c5 14. dxc5 Bxc5 15.
Bb2 Bd6 16. Nce2 g6 17. Rad1 Bd7 18. Qb1 Na4 19. Ba1 Be5 20. Rc1 Qe7 21. Bxe5
Qxe5 22. Qc2 Nb6 23. Qc5 Na4 24. Qc2 Nb6 25. Qc5 Na4 1/2-1/2

[Event "FIDE GP Beijing"]
[Site "Beijing CHN"]
[Date "2013.07.10"]
[Round "6.6"]
[White "Gelfand, Boris"]
[Black "Leko, Peter"]
[Result "1/2-1/2"]
[WhiteElo "2773"]
[BlackElo "2737"]
[PlyCount "77"]
[EventDate "2013.07.04"]

1. c4 c5 2. Nf3 Nf6 3. Nc3 Nc6 4. g3 d5 5. d4 e6 6. cxd5 Nxd5 7. Bg2 cxd4 8.
Nxd4 Nxc3 9. bxc3 Nxd4 10. Qxd4 Qxd4 11. cxd4 Bb4+ 12. Bd2 Bxd2+ 13. Kxd2 Ke7
14. Rhc1 Rd8 15. Rc7+ Rd7 16. Rac1 Kd8 17. Rxd7+ Kxd7 18. g4 h6 19. Rc5 Rb8 20.
Ra5 a6 21. Rh5 Kd6 22. g5 hxg5 23. Rh8 g4 24. Rg8 g6 25. f3 gxf3 26. Bxf3 b5
27. h4 Kc7 28. Rg7 Bd7 29. Rxf7 Rh8 30. Rf4 Kd6 31. e4 Ke7 32. e5 Rf8 33. Rxf8
Kxf8 34. Kc3 a5 35. a3 Ke7 36. Be4 Be8 37. Bf3 Bd7 38. Be4 Be8 39. Bf3 1/2-1/2